00733 a2200205 4500020001000000035001300010037004300023082000600066090001500072100002600087245005900113260004000172270008800212300002400300490002600324500002500350942002100375999001500396952011600411 c75.00 aB-211065 bRP-PV-4 / PANSY-07-08:5 / RP-07-08:ENG14aN c4030d40301 aGardner, Erle Stanley1 aThe case of the singing skirtcby Erle Stanley Gardner aBangalorebMaster Mind Booksc2006r aNo. 25, Vasan Towers, Dr. TCM Royan Raode560053k080-26705679mvasanbks@bgl.net.in a180 pc18 cm (pbk) aA perry mason mystery aThis is reprint 2006 adplcENkN / GAR c3948d3948 00102ddc407-18FICaZLSbZLSg75.00l0oN GARpB-211065r2008-09-15 00:00:00t1u4192v75.00w2008-09-15yEN